LEADER 00802nam a2200229 i 4500 001 000000166488 003 CaOOAMICUS 005 20071113000000.0 008 071113s1965 it u000 u ita u 013 $a143857 040 $aSeMil$bita 100 1 $aSalvalaggio, Nantas,$d<1923-2009>.$0(OLS)http://semarc/name/56819 245 10$aFacce di mezzanotte /$cNantas Salvalaggio. 260 $aMilano :$bRizzoli,$c1965. 300 $a207 p. ;$c20 cm. 490 0 $aZodiaco 830 0$aZodiaco.$0(OLS)http://semarc/title/7361 850 $aSeMil 852 $aSeMil$W1$xVenegono$y1$m1B I 432$j236615$B117651$CSeMilBibl$Z2$F128356 $81 961 $aRecupero: Altro 996 $6245$aFacce di mezzanotte$9(OLS)http://semarc/title/237874 996 $6260$aMilano :$bRizzoli$9(OLS)http://semarc/publisher/29824 LEADER 01591nam a2200301 i 4500 001 000000117054 003 CaOOAMICUS 005 20030709000000.0 008 030709s1984 it u000 u ita u 013 $a89743 040 $aSeMil$bita 245 10$aEbrei e mitteleuropa :$bcultura, letteratura, societą /$ca cura di Quirino Principe. 260 $aGorizia :$bIstituto per gli incontri culturali mitteleuropei,$ccopyr. 1984. 260 $aBrescia :$bShakespeare & Company,$ccopyr. 1984. 300 $a444 p. ;$c22 cm. 500 $aIn preliminari : Dedica al Card. C.M. Martini. - Atti del Convegno tenuto a Gorizia nel 1982. - Fondo Card. C.M. Martini. 650 4$aLetteratura europea - Sec. 19.-20.$0(OLS)http://semarc/subject/21628 650 4$aGiudaismo nella letteratura - Europa - Sec. 19.-20.$0(OLS)http://semarc/subject/21629 650 4$aScrittori ebrei - Europa - Sec. 19.-20.$0(OLS)http://semarc/subject/21630 700 1 $aPrincipe, Quirino,$d<1935- >.$0(OLS)http://semarc/name/33111 700 1 $aConvegno «Ebrei e Mitteleuropa» <1982 ; Gorizia>.$0(OLS)http://semarc/name/48837 850 $aSeMil 852 $aSeMil$W1$xVenegono$y1$m3U IV 291$j72454$B72454$CSeMilBibl$Z2$F90297 $81 941 1 $a4 961 $aOmaggio: Martini Card. Carlo Maria 996 $6245$aEbrei e mitteleuropa :$bcultura, letteratura, societą$9(OLS)http://semarc/title/171772 996 $6260$aBrescia :$bShakespeare & Company$9(OLS)http://semarc/publisher/45625 996 $6260$aGorizia :$bIstituto per gli incontri culturali mitteleuropei$9(OLS)http://semarc/publisher/45626